000
00253nam a2200097Ia 4500
005
20251222114342.0
008
251222s1900||||xx |||||||||||||| ||spa||
082
_a
DVD0195.2/U61/2005
245
0
_a
Charla: axiologĂa para el equilibrio ambiental:
942
_c
DVD
999
_c
912
_d
912